Biographie de Napoléon Bonaparte - Statistiques

Statistiques générales
  • Ce quiz a été pris 175 fois
  • Le résultat moyen est 10 sur 12
Statistiques - réponses
Informations recherchées Réponses % Correct
Lieu de décès Île Sainte-Hélène
98%
Lieu de naissance Ajaccio
93%
Année de décès 1821
91%
Année de naissance 1769
88%
Pays d'Afrique du Nord dans lequel il a mené une campagne militaire Egypte
88%
Année de la mise en place d'un coup d'Etat 1799
83%
Célèbre bataille gagnée contre l'Autriche Bataille d’Austerlitz
79%
Année de cette bataille 1815
70%
Type d'étude suivie Formation militaire
70%
Sa première épouse (nom complet) Joséphine de Beauharnais
70%
Bataille qui marque le début de sa chute Bataille de Waterloo
67%
Sacre de Napoléon en tant qu'empereur (date exacte) 2 décembre 1804
62%
Aucun quiz correspondant
Distribution des résultats
% des personnes avec chaque résultat
Percentile par nombre de réponses
Votre historique - résultats
Vous n’avez pas pris ce quiz